Central Library OPAC University of Rajshahi

Anecdotes of Aurangzib : (Record no. 54688)

MARC details
000 -LEADER
fixed length control field 00857nam a2200253 a 4500
001 - CONTROL NUMBER
control field 54688
003 - CONTROL NUMBER IDENTIFIER
rucl marc code BD-RjUL
005 - DATE AND TIME OF LATEST TRANSACTION
control field 20211209080145.0
008 - FIXED-LENGTH DATA ELEMENTS--GENERAL INFORMATION
fixed length control field 161108s1949 ii 000 0 eng
020 ## - INTERNATIONAL STANDARD BOOK NUMBER
International Standard Book Number 0861319583
035 ## - SYSTEM CONTROL NUMBER
System control number (BD-RjUL)54810
040 ## - CATALOGING SOURCE
Original cataloging agency DLC
Transcribing agency DLC
Language of cataloging eng
041 ## - LANGUAGE CODE
Language code of text/sound track or separate title eng
082 ## - DEWEY DECIMAL CLASSIFICATION NUMBER
Edition number 23
Classification number 954.025
Author mark and year SAA 1988
100 ## - MAIN ENTRY--PERSONAL NAME
Personal name Sarkar, Jadunath
9 (RLIN) 116883
245 00 - TITLE STATEMENT
Title Anecdotes of Aurangzib :
Remainder of title English translation of Ahkam-i-Alamgiri ascribed to Hamid-ud-din Khan Bahadur /
Statement of responsibility, etc. by Jadunath Sarkar ; with a life of Aurangzib and historical notes.
250 ## - EDITION STATEMENT
Edition statement eng. 3rd ed.
260 ## - PUBLICATION, DISTRIBUTION, ETC. (IMPRINT)
Place of publication, distribution, etc. Calcutta :
Name of publisher, distributor, etc. M. C. Sarkar,
Date of publication, distribution, etc. 1949 [reprint 1988]
300 ## - PHYSICAL DESCRIPTION
Pagination 100 p. ;
Size 19 cm.
600 ## - SUBJECT ADDED ENTRY--PERSONAL NAME
Personal name Aurangzeb, -- Emperor of Hindustan,
Dates associated with a name 1618-1707.
650 ## - SUBJECT ADDED ENTRY--TOPICAL TERM
Topical term or geographic name as entry element HIstory
Geographic subdivision India
9 (RLIN) 163084
942 ## - ADDED ENTRY ELEMENTS (KOHA)
Source of classification or shelving scheme Dewey Decimal Classification
Koha item type Books
Holdings
Lost status Source of classification or shelving scheme Damaged status Not for loan Collection code Permanent Location Current Location Shelving location Date acquired Source of acquisition Cost, normal purchase price Total Checkouts Full call number Date last seen Copy number Koha item type
  Dewey Decimal Classification     Non-fiction Central Library, University of Rajshahi Central Library, University of Rajshahi   30/07/1996 Ankur Prokasoni, Dhaka 40.00   954.025 SAA 1988 08/11/2016 C-2 Books